000 01409nam a2200265Ia 4500
003 Ost
005 20260507074913.0
008 260507s9999||||xx |||||||||||||| ||und||
020 _a97599235636
040 _cfsecg
041 _aara
082 _a510
100 _aشاهر، ثائر فيصل
_eمؤلف
245 0 _aالرياضيات في العلوم المالية والإدارية /
_c ثائر فيصل شاهر
260 _aعمان:
_bدار الحامد,
_c2008
300 _a378 صفحة؛
_bإيضاحات ؛
_c24 سم
504 _a(اقتناءات 2014 3ن)
520 _aمفاهيم رياضية أساسية لبناء النموذج الرياضي، مفهوم الدالة والدالة الخطية -المنظومة الخطية والتوازن في السوق، المعادلات والدوال التربيعية، المعادلات والدوال الأسية واللوغاريتمية وتطبيقاتها الإقتصادية، الرياضيات في العلوم المالية، التفاضل وتطبيقاته الإقتصادية، التفاضل الجزئي، المصفوفات وتطبيقاتها الإقتصادية
653 _aالادارة
653 _aالتفاضل والتكامل
653 _aالرياضيات
653 _aالمصفوقات
700 _aعكور، سامر محمد
_eمؤلف ثانوي
942 _cكتاب
999 _c41753
_d41753